| 000 | 00758nam a2200205Ia 4500 | ||
|---|---|---|---|
| 003 | GCL | ||
| 008 | 140319s9999 xx 000 0 ara d | ||
| 040 |
_aGCL / _cGCL |
||
| 082 | 0 | 4 |
_a937.06 _bم م |
| 100 | 1 | _aاحمد عبدالكريم سليمان | |
| 245 | 1 | 0 |
_aمعركة ادرنه بين القوط والرومان سنة 387 م فى ضوء وثائق المؤرخ العسكرى اميانوس مارسيللوس / _cاحمد عبدالكريم سليمان |
| 260 |
_a[S.N] : _bدار النهضة العربية ، _c1990 |
||
| 300 | _a103 ص | ||
| 490 | _a | ||
| 650 | 0 | 4 | _aالعصور الوسطى |
| 650 | 0 | 4 | _aالامبراطورية الرومانية |
| 650 | 0 | 4 | _aاوربا |
| 650 | 0 | 4 | _aمعركة ادرنه |
| 942 |
_2ddc _cBK |
||
| 999 |
_c37049 _d37049 |
||